The 5 Names of Dumbledore - Statistics

General Stats
  • This quiz has been taken 13 times
  • The average score is 3 of 5
Answer Stats
Answer % Correct
Albus
92%
Dumbledore
92%
Brian
58%
Percival
58%
Wulfric
33%
No matching quizzes found
Score Distribution
Percent of People with Each Score
Percentile by Number Answered
Your Score History
You have not taken this quiz